| 000 | 00407nam a2200145Ia 4500 | ||
|---|---|---|---|
| 008 | 230917s9999||||xx |||||||||||||| ||und|| | ||
| 040 |
_e102854 _aMAIN |
||
| 041 | _aEnglish | ||
| 082 | _a658.8 A23B | ||
| 100 | _aAnderson, James C | ||
| 245 | 0 | _aBusiness market management: Understanding, creating and developing value | |
| 260 |
_aDelhi _bPearson Education _c2003 |
||
| 300 | _axvi, 430 p. | ||
| 942 | _cBK | ||
| 999 |
_c111062 _d111062 |
||